Marketing

Uložené v:
Podrobná bibliografia
Hlavný autor: Lieskovská, Vanda, 1961-
Korporativný autor: Ekonomická univerzita v Bratislave. Podnikovohospodárska fakulta so sídlom v Košiciach
Ďalší autori: Šimegh, Peter, Nimrichterová, Jana, Čihovská, Viera, Lipianska, Júlia
Médium: Kniha
Jazyk:Slovak
Vydavateľské údaje: Bratislava Vydavateľstvo EKONÓM 2009
Predmet:
Tagy: Pridať tag
Žiadne tagy, Buďte prvý, kto otaguje tento záznam!

MARC

LEADER 00000nam$a2200000$$$4500
001 0095286
005 20240502072048.0
020 |a 978-80-225-2713-2 
041 0 |a slo 
044 |a SK 
245 1 0 |a Marketing  |c Vanda Lieskovská a kolektív 
264 1 |a Bratislava  |b Vydavateľstvo EKONÓM  |c 2009 
300 |a 253 s. 
610 2 0 |a marketing 
610 2 0 |a marketing manažment 
610 2 0 |a prostredie ekonomické 
610 2 0 |a riadenie 
610 2 0 |a marketing mix 
610 2 0 |a produkty 
610 2 0 |a politika cenová 
610 2 0 |a distribúcia 
610 2 0 |a komunikácia marketingová 
100 1 |a Lieskovská, Vanda, 1961- 
700 1 |a Šimegh, Peter 
700 1 |a Nimrichterová, Jana 
700 1 |a Čihovská, Viera 
700 1 |a Lipianska, Júlia 
710 2 |a Ekonomická univerzita v Bratislave. Podnikovohospodárska fakulta so sídlom v Košiciach